000 00567nam a2200205Ia 4500
005 20250923145514.0
008 008 250917s9999 xx 000 0 eng d
037 _aTextual
040 _aDSWL
_beng
_cDSWL
041 _aeng
_2eng
084 _aY0uA, N79
_qDSWL
100 _aMulkay, M.
_9836015
245 0 _aScience and the sociology of knowledge
_c by M.Mulkay
260 _aLondon
_bGeorge Allen & Unwin
_c1979
300 _a132p.
365 _aINR
_b57.96
925 _g57.96
942 _cTEXL
_hY0uA, N79
999 _c1452170
_d1452170